[Event "Belgrade-ch sf"]
[Site "Belgrade"]
[Date "2017.01.24"]
[Round "2"]
[White "Djurdjevic, Petar S"]
[Black "Petrovic, Sreten"]
[Result "1-0"]
[WhiteElo "1958"]
[BlackElo "1753"]
[PlyCount "109"]
[EventDate "2017.01.23"]
[EventType "swiss"]
[EventRounds "7"]
[EventCountry "SRB"]
[SourceTitle "CBM 176 Extra"]
[Source "ChessBase"]
[SourceDate "2017.03.02"]
[SourceVersion "1"]
[SourceVersionDate "2017.03.02"]
[SourceQuality "1"]

1. d4 Nf6 2. c4 d6 3. Nc3 g6 4. e4 Bg7 5. Be2 0-0 6. h3 e5 7. d5 c6 8. Bg5 h6 9. Be3 Kh7 10. Qd2 cxd5 11. cxd5 Ng8 12. g4 f5 13. gxf5 gxf5 14. exf5 Bxf5 15. Bd3 Bxd3 16. Qxd3+ Kh8 17. Nge2 Na6 18. Ng3 Nc5 19. Qc2 Rc8 20. Nh5 Rf7 21. Qg6 Qf8 22. Ke2 Ne7 23. Qxd6 Nf5 24. Qxf8+ Bxf8 25. Rad1 Be7 26. Ng3 Nxe3 27. fxe3 Rg8 28. Nce4 Nxe4 29. Nxe4 Rg2+ 30. Kd3 Rxb2 31. d6 Bd8 32. Kc4 Rf3 33. Rd3 Rxa2 34. Kd5 Ra5+ 35. Ke6 Rf8 36. Rc1 Ra6 37. Kd7 Bh4 38. Rc8 Kg7 39. Rxf8 Kxf8 40. Rc3 Rc6 41. Rxc6 bxc6 42. Kxc6 Ke8 43. d7+ Kf7 44. Nd6+ Ke6 45. e4 a5 46. Nb7 a4 47. Nc5+ Kf7 48. Nxa4 Kg6 49. Kd5 Kh5 50. Kxe5 Bd8 51. Kf5 Kh4 52. Nc5 Kxh3 53. Ne6 Be7 54. Nf4+ Kg3 55. e5 1-0

[Event "Belgrade Spring op"]
[Site "Belgrade"]
[Date "2013.03.23"]
[Round "4"]
[White "Djurdjevic, Petar S"]
[Black "Cetkovic, Miodrag"]
[Result "0-1"]
[WhiteElo "1993"]
[BlackElo "2223"]
[PlyCount "106"]
[EventDate "2013.03.20"]
[EventType "swiss"]
[EventRounds "9"]
[EventCountry "SRB"]
[SourceTitle "CBM 153 Extra"]
[Source "ChessBase"]
[SourceDate "2013.04.22"]
[SourceVersion "1"]
[SourceVersionDate "2013.04.22"]
[SourceQuality "1"]

1. Nf3 Nf6 2. g3 g6 3. c4 Bg7 4. Nc3 0-0 5. e4 d6 6. d4 e5 7. Bg2 Nc6 8. d5 Ne7 9. h3 a6 10. a4 Ne8 11. g4 Bd7 12. Be3 f5 13. gxf5 gxf5 14. Bg5 Nf6 15. Nh4 Qe8 16. Bf3 Qf7 17. Qe2 b5 18. axb5 axb5 19. Rxa8 Rxa8 20. Nxf5 Nxf5 21. exf5 Ra1+ 22. Kd2 Rxh1 23. Bxh1 bxc4 24. Qxc4 Bxf5 25. Nb5 Ne8 26. Be3 c5 27. b4 cxb4 28. Qxb4 Qb7 29. Qb3 Bd7 30. Nd4 Qxb3 31. Nxb3 Bxh3 32. Na5 Kf7 33. f4 h5 34. fxe5 Bxe5 35. Nc4 Bg3 36. Ke2 Bg4+ 37. Kf1 Kg6 38. Bf2 Bf4 39. Be4+ Kg5 40. Bd4 h4 41. Kg1 h3 42. Ne3 Bh5 43. Kf2 Nf6 44. Bh1 Bg6 45. Bxf6+ Kxf6 46. Kf3 Bxe3 47. Kxe3 Ke5 48. Bf3 Bf7 49. Kf2 Bxd5 50. Bxd5 Kxd5 51. Kg3 Ke4 52. Kxh3 Kf3 53. Kh2 Kf2 0-1

[Event "Belgrade Spring op"]
[Site "Belgrade"]
[Date "2013.03.21"]
[Round "2"]
[White "Djurdjevic, Petar S"]
[Black "Stamenkovic, Aleksandar"]
[Result "0-1"]
[WhiteElo "1993"]
[BlackElo "2303"]
[PlyCount "38"]
[EventDate "2013.03.20"]
[EventType "swiss"]
[EventRounds "9"]
[EventCountry "SRB"]
[SourceTitle "CBM 153 Extra"]
[Source "ChessBase"]
[SourceDate "2013.04.22"]
[SourceVersion "1"]
[SourceVersionDate "2013.04.22"]
[SourceQuality "1"]

1. Nf3 Nf6 2. c4 c6 3. d4 d5 4. e3 Bg4 5. Nbd2 e6 6. Be2 Nbd7 7. h3 Bh5 8. 0-0 Bd6 9. b3 0-0 10. Bb2 Qb8 11. g4 Bg6 12. Nh4 e5 13. Nxg6 hxg6 14. g5 Nh7 15. Bg4 Rd8 16. Bxd7 Rxd7 17. Qg4 Re7 18. c5 Bc7 19. f4 exf4 0-1

[Event "Belgrade-ch"]
[Site "Belgrade"]
[Date "2013.01.23"]
[Round "1"]
[White "Pikula, Dejan"]
[Black "Djurdjevic, Petar S"]
[Result "1-0"]
[WhiteElo "2485"]
[BlackElo "1995"]
[PlyCount "55"]
[EventDate "2013.01.23"]
[EventType "swiss"]
[EventRounds "9"]
[EventCountry "SRB"]
[SourceTitle "CBM 152 Extra"]
[Source "ChessBase"]
[SourceDate "2013.02.25"]
[SourceVersion "1"]
[SourceVersionDate "2013.02.25"]
[SourceQuality "1"]

1. e4 e5 2. Nf3 Nc6 3. Bc4 Bc5 4. c3 Qe7 5. 0-0 d6 6. d4 Bb6 7. a4 a6 8. h3 Nf6 9. Re1 h6 10. b4 g5 11. a5 Ba7 12. b5 Nb8 13. Ba3 Nbd7 14. Nbd2 axb5 15. Bxb5 c6 16. Nc4 Bb8 17. Ba4 g4 18. hxg4 Nxg4 19. dxe5 b5 20. axb6 Rxa4 21. Qxa4 Ndxe5 22. Ncxe5 Nxe5 23. Nxe5 Qxe5 24. Qa8 Rg8 25. Qxb8 Rxg2+ 26. Kxg2 Qg5+ 27. Kf1 Qb5+ 28. Re2 1-0

[Event "Belgrade Spring op"]
[Site "Belgrade"]
[Date "2012.03.27"]
[Round "4"]
[White "Djurdjevic, Petar S"]
[Black "Vucinic, Gojko"]
[Result "0-1"]
[WhiteElo "2004"]
[BlackElo "2190"]
[PlyCount "64"]
[EventDate "2012.03.24"]
[EventType "swiss"]
[EventRounds "9"]
[EventCountry "SRB"]
[SourceTitle "CBM 147 Extra"]
[Source "ChessBase"]
[SourceDate "2012.04.24"]
[SourceVersion "1"]
[SourceVersionDate "2012.04.24"]
[SourceQuality "1"]

1. d4 Nf6 2. c4 c5 3. d5 b5 4. Nd2 e6 5. e4 bxc4 6. dxe6 fxe6 7. e5 Nd5 8. Nxc4 Bb7 9. Nf3 Be7 10. Ng5 0-0 11. h4 h6 12. Bd3 Nf4 13. Bxf4 Rxf4 14. Qh5 Bxg5 15. hxg5 Qxg5 16. Qxg5 hxg5 17. 0-0 Nc6 18. Rfe1 Nb4 19. Bf1 Nc2 20. Nd6 Bc6 21. Rac1 Nxe1 22. Rxe1 Raf8 23. Re2 Bd5 24. Rc2 Bxa2 25. Bb5 Bb3 26. Rc3 Bd5 27. Rc2 g4 28. Bxd7 g3 29. fxg3 Rf1+ 30. Kh2 R8f2 31. Rxc5 Bxg2 32. Bxe6+ Kh7 0-1

[Event "Belgrade Trophy 25th"]
[Site "Obrenovac"]
[Date "2011.11.24"]
[Round "1"]
[White "Abramovic, Bosko"]
[Black "Djurdjevic, Petar S"]
[Result "1-0"]
[WhiteElo "2450"]
[BlackElo "1977"]
[PlyCount "70"]
[EventDate "2011.11.24"]
[EventType "swiss"]
[EventRounds "9"]
[EventCountry "YUG"]
[SourceTitle "CBM 145 Extra"]
[Source "ChessBase"]
[SourceDate "2012.01.03"]
[SourceVersion "1"]
[SourceVersionDate "2012.01.03"]
[SourceQuality "1"]

1. d4 Nf6 2. c4 c5 3. d5 e5 4. Nc3 d6 5. e4 Be7 6. Bd3 0-0 7. h3 a6 8. Nge2 Ne8 9. g4 Nd7 10. Ng3 g6 11. Bh6 Ng7 12. Qd2 Kh8 13. 0-0-0 Nf6 14. Kb1 Ng8 15. Be3 Bd7 16. f4 exf4 17. Bxf4 f6 18. Nf1 Qa5 19. Ne3 b5 20. h4 Rfb8 21. h5 g5 22. h6 Ne8 23. Bg3 bxc4 24. Nxc4 Qc7 25. Qh2 Bb5 26. Ne3 Bxd3+ 27. Rxd3 Rb4 28. Nf5 Rab8 29. Rd2 Bf8 30. Rc1 a5 31. Ka1 Qd7 32. a3 R4b6 33. e5 fxe5 34. Ne4 Ngf6 35. Nxg5 Nxg4 1-0

[Event "Belgrade Spring op"]
[Site "Belgrade"]
[Date "2011.03.26"]
[Round "4"]
[White "Djurdjevic, Petar S"]
[Black "Jovanovic, Aleksandar D"]
[Result "0-1"]
[WhiteElo "1954"]
[BlackElo "2234"]
[PlyCount "69"]
[EventDate "2011.03.23"]
[EventType "swiss"]
[EventRounds "9"]
[EventCountry "SRB"]
[SourceTitle "CBM 141 Extra"]
[Source "ChessBase"]
[SourceDate "2011.05.03"]
[SourceVersion "1"]
[SourceVersionDate "2011.05.03"]
[SourceQuality "1"]

1. c4 e5 2. Nc3 f5 3. e4 Nf6 4. d3 Nc6 5. g3 Bc5 6. Bg2 Ng4 7. Nh3 d6 8. 0-0 0-0 9. Bg5 Qd7 10. exf5 Qxf5 11. Ne4 Bd4 12. Qd2 Qg6 13. Be3 Qh5 14. Qe2 Bf5 15. Neg5 h6 16. Ne4 Bg6 17. Rae1 a5 18. a3 Rf7 19. b3 Raf8 20. Qd2 Bf5 21. Qe2 Bxe4 22. dxe4 Bc3 23. Rc1 Nd4 24. Qd1 Bb2 25. Rb1 Bxa3 26. Bxd4 exd4 27. f4 g6 28. Qd3 Bc5 29. Rb2 g5 30. Qd1 gxf4 31. Rxf4 Rxf4 32. gxf4 Rxf4 33. e5 d3+ 34. Kh1 Kf8 35. Qxd3 0-1

[Event "Belgrade-ch"]
[Site "Belgrade"]
[Date "2010.01.28"]
[Round "6"]
[White "Petrovic, Petar"]
[Black "Djurdjevic, Petar S"]
[Result "1-0"]
[WhiteElo "2111"]
[BlackElo "1932"]
[PlyCount "127"]
[EventDate "2010.01.23"]
[EventType "swiss"]
[EventRounds "9"]
[EventCountry "YUG"]
[SourceTitle "CBM 134 Extra"]
[Source "ChessBase"]
[SourceDate "2010.03.03"]
[SourceVersion "1"]
[SourceVersionDate "2010.03.03"]
[SourceQuality "1"]

1. e4 e5 2. d4 exd4 3. Qxd4 Nc6 4. Qe3 Nf6 5. Nc3 Bb4 6. Bd2 d6 7. 0-0-0 a6 8. Bc4 Ne5 9. Bb3 Bc5 10. Qe2 h6 11. h3 Qe7 12. f4 Nc6 13. Nf3 Nd4 14. Nxd4 Bxd4 15. Rhe1 Be6 16. e5 dxe5 17. fxe5 Nd7 18. Qe4 Bxc3 19. Bxc3 Nc5 20. Qf3 Nxb3+ 21. axb3 Rb8 22. Kb1 0-0 23. Rd4 Rfd8 24. Red1 Rxd4 25. Rxd4 c6 26. Qd3 Bd5 27. e6 Bxe6 28. Qg3 Qf8 29. Rh4 Rd8 30. Rxh6 Rd1+ 31. Ka2 Rd5 32. Rh4 Bf5 33. Qf2 Bg6 34. Rg4 Qd8 35. h4 Qd7 36. Rf4 Rf5 37. Rxf5 Qxf5 38. Qd4 f6 39. g4 Qxc2 40. Qb6 Qb1+ 41. Ka3 Qd1 42. g5 Qd6+ 43. Ka2 Qe7 44. gxf6 gxf6 45. Qg1 Kf7 46. Qg4 Qe6 47. Qf4 Bc2 48. Qc7+ Qe7 49. Qh2 Bh7 50. Qf4 c5 51. Qc4+ Kf8 52. Qf4 Kg7 53. h5 Bc2 54. Qg3+ Kf7 55. Qg2 Be4 56. Qd2 b5 57. b4 Qe6+ 58. Ka1 c4 59. Ka2 Qf5 60. Qd6 Bb1+ 61. Ka3 Be4 62. Qc7+ Kf8 63. h6 Qh7 64. Qd8+ 1-0

[Event "Belgrade Summer op"]
[Site "Belgrade"]
[Date "2009.06.11"]
[Round "9"]
[White "Becelic, Dejan"]
[Black "Djurdjevic, Petar S"]
[Result "1-0"]
[WhiteElo "2095"]
[BlackElo "1979"]
[PlyCount "109"]
[EventDate "2009.06.02"]
[EventType "swiss"]
[EventRounds "9"]
[EventCountry "SRB"]
[SourceTitle "EXT 2019"]
[Source "ChessBase"]
[SourceDate "2018.10.10"]
[SourceVersion "1"]
[SourceVersionDate "2018.10.10"]
[SourceQuality "1"]

1. Nf3 d5 2. b3 Nf6 3. Bb2 Nbd7 4. e3 g6 5. c4 c6 6. cxd5 cxd5 7. Be2 Bg7 8. 0-0 0-0 9. d3 b6 10. Nbd2 Bb7 11. Rc1 Rc8 12. a4 a5 13. Ne5 Ne8 14. Nxd7 Qxd7 15. Rxc8 Bxc8 16. Qa1 Ba6 17. Rc1 f6 18. Bf1 Nd6 19. Ba3 Rc8 20. Rxc8+ Nxc8 21. Qc1 e5 22. Nf3 Na7 23. g3 Bf8 24. Bxf8 Kxf8 25. h4 Qc6 26. Qd2 Qd6 27. Bh3 Nc6 28. d4 e4 29. Ne1 Qb4 30. Qd1 Qc3 31. Ng2 Bd3 32. Qg4 Ne7 33. Qe6 Qc6 34. Nf4 f5 35. Qxc6 Nxc6 36. Nxd5 Bc2 37. Nxb6 Bxb3 38. Bf1 Nb4 39. Bc4 Bc2 40. Bb5 Nd3 41. Kf1 Nb2 42. Ke2 Ke7 43. Kd2 Bd3 44. Bxd3 Nxd3 45. Nc4 Nxf2 46. Nxa5 Kd7 47. Nc4 Kc7 48. a5 Nd3 49. Kc3 Kb7 50. Ne5 Nf2 51. d5 Nh1 52. d6 Nxg3 53. d7 Kc7 54. a6 f4 55. a7 1-0

[Event "Belgrade Spring op"]
[Site "Belgrade"]
[Date "2009.03.31"]
[Round "9"]
[White "Jovicic, Radosav"]
[Black "Djurdjevic, Petar S"]
[Result "1-0"]
[WhiteElo "2234"]
[BlackElo "1993"]
[PlyCount "43"]
[EventDate "2009.03.21"]
[EventType "swiss"]
[EventRounds "9"]
[EventCountry "YUG"]
[SourceTitle "CBM 129 Extra"]
[Source "ChessBase"]
[SourceDate "2009.05.05"]
[SourceVersion "2"]
[SourceVersionDate "2009.05.20"]
[SourceQuality "1"]

1. d4 Nf6 2. Nf3 d5 3. c4 c6 4. Nc3 a6 5. Bg5 Nbd7 6. cxd5 cxd5 7. e3 h6 8. Bh4 b5 9. Bd3 Bb7 10. Qb3 e6 11. 0-0 Be7 12. Rfc1 Rc8 13. a4 b4 14. Na2 a5 15. Rxc8 Qxc8 16. Rc1 Qa8 17. Bb5 g5 18. Bg3 0-0 19. Rc7 Rd8 20. Ne5 Bc8 21. Nc6 Re8 22. Ra7 1-0

[Event "Belgrade Spring op"]
[Site "Belgrade"]
[Date "2009.03.24"]
[Round "4"]
[White "Djurdjevic, Petar S"]
[Black "Fustar, Janko"]
[Result "1-0"]
[WhiteElo "1993"]
[BlackElo "1784"]
[PlyCount "59"]
[EventDate "2009.03.21"]
[EventType "swiss"]
[EventRounds "9"]
[EventCountry "YUG"]
[SourceTitle "CBM 129 Extra"]
[Source "ChessBase"]
[SourceDate "2009.05.05"]
[SourceVersion "2"]
[SourceVersionDate "2009.05.20"]
[SourceQuality "1"]

1. d4 Nf6 2. c4 g6 3. Nc3 d5 4. cxd5 Nxd5 5. e4 Nxc3 6. bxc3 Bg7 7. Bc4 c5 8. Ne2 0-0 9. 0-0 Nc6 10. Be3 Bg4 11. f3 Na5 12. Bd3 Bd7 13. Rb1 c4 14. Bc2 Qc8 15. Qd2 a6 16. Bh6 Nc6 17. Bxg7 Kxg7 18. Ng3 e6 19. e5 Ne7 20. Qg5 Ng8 21. Nh5+ Kh8 22. Nf6 h6 23. Qh4 Qd8 24. Qf4 Kg7 25. Nxg8 Rxg8 26. Rxb7 Rf8 27. Rfb1 Bc6 28. R7b6 Qd7 29. Be4 Bd5 30. Rd6 1-0

[Event "Belgrade-ch"]
[Site "Belgrade"]
[Date "2009.01.31"]
[Round "8"]
[White "Carnic, Dejan"]
[Black "Djurdjevic, Petar S"]
[Result "1-0"]
[WhiteElo "2183"]
[BlackElo "1993"]
[PlyCount "77"]
[EventDate "2009.01.24"]
[EventType "swiss"]
[EventRounds "9"]
[EventCountry "YUG"]
[SourceTitle "CBM 128 Extra"]
[Source "ChessBase"]
[SourceDate "2009.03.05"]
[SourceVersion "2"]
[SourceVersionDate "2009.03.25"]
[SourceQuality "1"]

1. e4 d5 2. exd5 Qxd5 3. Nc3 Qa5 4. d4 c6 5. Nf3 Bg4 6. Bc4 e6 7. Bd2 Qc7 8. h3 Bxf3 9. Qxf3 Nf6 10. 0-0-0 Nbd7 11. Bf4 Bd6 12. Bxd6 Qxd6 13. g4 h6 14. h4 Nb6 15. Bb3 0-0-0 16. g5 hxg5 17. hxg5 Rxh1 18. Rxh1 Nfd5 19. Nxd5 Nxd5 20. Qxf7 Rf8 21. Qxg7 Qf4+ 22. Kb1 Qf3 23. Qh6 Kc7 24. a3 Rf4 25. g6 Kb6 26. Qh8 Rg4 27. Qd8+ Ka6 28. Bc4+ b5 29. Qc8+ Kb6 30. Qb8+ Ka6 31. Qc8+ Kb6 32. Rh7 Qd1+ 33. Ka2 Qxd4 34. Qb8+ Ka6 35. Bb3 Rxg6 36. Qc8+ Ka5 37. Qxc6 Qb6 38. Bxd5 exd5 39. Qc3+ 1-0

[Event "Belgrade-ch"]
[Site "Belgrade"]
[Date "2009.01.25"]
[Round "2"]
[White "Djurdjevic, Petar S"]
[Black "Maljevic, Aleksa"]
[Result "1-0"]
[WhiteElo "1993"]
[BlackElo "1713"]
[PlyCount "49"]
[EventDate "2009.01.24"]
[EventType "swiss"]
[EventRounds "9"]
[EventCountry "YUG"]
[SourceTitle "CBM 128 Extra"]
[Source "ChessBase"]
[SourceDate "2009.03.05"]
[SourceVersion "2"]
[SourceVersionDate "2009.03.25"]
[SourceQuality "1"]

1. d4 d5 2. e3 Nf6 3. Bd3 Nc6 4. f4 Bd7 5. c3 e6 6. Nd2 Be7 7. Ngf3 0-0 8. Ne5 h6 9. 0-0 Ne8 10. Nxd7 Qxd7 11. e4 dxe4 12. Nxe4 Nf6 13. Nxf6+ Bxf6 14. Qe2 a6 15. Be3 Rad8 16. Rad1 Kh8 17. Qh5 Qd5 18. f5 Ne7 19. Bxh6 exf5 20. Bg5+ Kg8 21. Bxf6 gxf6 22. Bxf5 Ng6 23. Bxg6 fxg6 24. Qxg6+ Kh8 25. Rf5 1-0

[Event "Belgrade Trophy 21st"]
[Site "Obrenovac"]
[Date "2008.12.04"]
[Round "8"]
[White "Danojlic, Petar"]
[Black "Djurdjevic, Petar S"]
[Result "0-1"]
[WhiteElo "1892"]
[BlackElo "2000"]
[PlyCount "63"]
[EventDate "2008.11.27"]
[EventType "swiss"]
[EventRounds "9"]
[EventCountry "YUG"]
[SourceTitle "CBM 127 Extra"]
[Source "ChessBase"]
[SourceDate "2009.01.08"]
[SourceVersion "2"]
[SourceVersionDate "2009.01.28"]
[SourceQuality "1"]

1. e4 d5 2. e5 c5 3. c3 Nc6 4. d4 a6 5. a4 Bf5 6. Bd3 Bxd3 7. Qxd3 Rc8 8. Bd2 e6 9. Ne2 cxd4 10. cxd4 Nb4 11. Bxb4 Bxb4+ 12. Nbc3 Qa5 13. 0-0 Ne7 14. g4 Rc4 15. Kh1 h5 16. f3 Rc8 17. Nf4 hxg4 18. Nfe2 gxf3 19. Rxf3 g6 20. Rh3 Kd7 21. Rxh8 Rxh8 22. Ng3 Qc7 23. Nce2 Qa5 24. Rf1 Nf5 25. Nxf5 gxf5 26. b3 Be1 27. Qd1 Bh4 28. Qd3 Bg5 29. Rg1 Qd2 30. Rd1 Qxd3 31. Rxd3 Rh4 32. h3 0-1

[Event "Belgrade Trophy 21st"]
[Site "Obrenovac"]
[Date "2008.11.30"]
[Round "4"]
[White "Panic, Anastasija"]
[Black "Djurdjevic, Petar S"]
[Result "0-1"]
[WhiteElo "1842"]
[BlackElo "2000"]
[PlyCount "34"]
[EventDate "2008.11.27"]
[EventType "swiss"]
[EventRounds "9"]
[EventCountry "YUG"]
[SourceTitle "CBM 127 Extra"]
[Source "ChessBase"]
[SourceDate "2009.01.08"]
[SourceVersion "2"]
[SourceVersionDate "2009.01.28"]
[SourceQuality "1"]

1. e4 d5 2. exd5 Qxd5 3. Nc3 Qa5 4. d4 Nf6 5. Nf3 c6 6. Bd2 Qc7 7. h3 Bf5 8. Bc4 e6 9. Qe2 Be7 10. Ne5 Nd5 11. Nxd5 exd5 12. Bd3 Bxd3 13. Qxd3 0-0 14. 0-0 Bd6 15. Nf3 Nd7 16. Be3 Rad8 17. Qd2 Nf6 0-1